| 000 | 00000nam##2200000za#4500 |
| 001 | 9.602116 |
| 003 | CaOODSP |
| 005 | 20241210082321 |
| 007 | cr ||||||||||| |
| 008 | 150406|2000||||xxc|||||o f|0| 0 fre|d |
| 022 | |a1701-9419 |
| 040 | |aCaOODSP|bfre |
| 043 | |an-cn--- |
| 086 | 1 |aFB3-2/100-22F-PDF |
| 110 | 2 |aBanque du Canada. |
| 245 | 14|aUne analyse empirique du lien entre la productivité et le taux de change réel Canada-É-U / |h[ressource électronique]|c[par] David Dupuis et David Tessier. |
| 260 | |aOttawa - Ontario : |bBanque du Canada |cNovembre 2000. |
| 300 | |a31p.|bgraphique, tableaux |
| 490 | 1 |aBanque du Canada - document de travail|x1701-9419|v2000-22 |
| 500 | |a«L'écart relatif de productivité entre le Canada et les États-Unis est redevenu ces derniers temps un sujet controversé. Selon certains, une des causes de cet écart relatif serait la dépréciation graduelle qu'enregistre le taux de change depuis plus de 20 ans. Ainsi, la hausse du taux de change rendrait artificiellement les firmes canadiennes plus compétitives, ce qui tendait à diminuer les incitatifs de celles-ci à être plus productives. Notre objectif est d'étudier les liens empiriques entre ces variables afin de voir si cette conjecture se reflète dans les données.»--Résumé. |
| 500 | |aL'ISSN (1192-5434) de l'édition imprimée a été incorrectement copié dans l'édition électronique. |
| 504 | |aBibliographie. |
| 520 | 3 |aL'écart relatif de productivité entre le Canada et les États-Unis est redevenu ces derniers temps un sujet controversé. Selon certains, une des causes de cet écart relatif serait la dépréciation graduelle qu'enregistre le taux de change depuis plus de 20 ans. Ainsi, la hausse du taux de change rendrait artificiellement les firmes canadiennes plus compétitives, ce qui tendait à diminuer les incitatifs de celles-ci à être plus productives. Notre objectif est d'étudier les liens empiriques entre ces variables afin de voir si cette conjecture se reflète dans les données.--Résumé |
| 546 | |aAbstracts in English. |
| 590 | |a11-19-Supp|b2011-09-23 |
| 720 | 1 |aDupuis, David |
| 720 | 1 |aTessier, David |
| 776 | 0#|tUne analyse empirique du lien entre la productivité et le taux de change réel Canada-É.U. / |w(CaOODSP)9.625500 |
| 830 | #0|aDocument de travail (Banque du Canada)|x1701-9419|v2000-22|w(CaOODSP)9.501087 |
| 856 | 40|ahttp://publications.gc.ca|qPDF|s122 Ko|uhttps://publications.gc.ca/collections/Collection/FB3-2-100-22F.pdf|y2000-22 |